| 000 | 00561nam a2200181Ia 4500 | ||
|---|---|---|---|
| 003 | GCL | ||
| 008 | 140319s9999 xx 000 0 ara d | ||
| 040 |
_aGCL / _cGCL |
||
| 082 | 0 | 4 |
_a242 _bم ا |
| 100 | 1 | _aمحمد امين جيد | |
| 245 | 1 | 0 |
_aالاسراء والمعراج والعلم الحديث / _cمحمد امين جيد |
| 300 | _a166 ص | ||
| 490 |
_aالهيئة العامة للاستعلامات _v0 |
||
| 650 | 0 | 4 | _aالاسلام |
| 650 | 0 | 4 | _aالسيرة النبوية |
| 650 | 0 | 4 | _aالاسراء والمعراج |
| 942 |
_2ddc _cBK |
||
| 999 |
_c49627 _d49627 |
||